000
00242 a2200085 4500
020
_a
9783035618747
100
_a
Martin Søberg and Anna Hougaard
245
_a
The Artful Plan: Architectural Drawing Reconfigured
260
_b
Birkhäuser
_c
2020
999
_c
13414
_d
13414